000 00330pam a2200133 a 4500
020 _c
041 _h
082 _a4.0000000000000001E-2
_bSHA
100 _aShane, S.A.
245 _aFrom Ice Cream To The Internet
_hTextual Documents
260 _aNew Delhi
_bPearson Education [Addison Wesley]
300 _a230
930 _a107
999 _c106940
_d106940